000 01319cam a2200373 i 4500
999 _c200442167
_d60379
001 200442167
003 TR-AnTOB
005 20241121112634.0
007 ta
008 971120s1993 tu f000 0 tur
010 _a 94954948
020 _a9757669318
035 _a(TR-AnTOB)200442167
040 _aDLC
_beng
_erda
_cDLC
_dTR-AnTOB
041 0 _atur
050 0 4 _aHD6796.7
_b.G85 1993
090 _aHD6796.7
_b.G85 1993
100 1 _aGülmez, Mesut
_eauthor
_926750
245 1 0 _aBelgelerle yönetim, yargı ve memur sendikaları, 1990-1993 /
_cMesut Gülmez.
264 1 _aAnkara :
_bTürkiye ve Orta Doğu Amme İdaresi Enstitüsü,
_c1993.
300 _axxiv, 272 pages ;
_c26 cm
336 _atext
_btxt
_2rdacontent
337 _aunmediated
_bn
_2rdamedia
338 _avolume
_bnc
_2rdacarrier
490 0 _aTürkiye ve Orta Doğu Amme İdaresi Enstitüsü yayınları ;
_vno. 251.
650 7 _aİşçi sendikaları
_zTürkiye
_2etuturkob
_9103647
650 0 _aİşçi sendikaları
_xHukuk ve mevzuat
_zTürkiye
_947974
650 7 _aİş hukuku ve mevzuatı
_zTürkiye
_2
_958185
653 _aTrade-unions;
_agovernment employees;
_aTurkey
710 2 _aTürkiye ve Orta Doğu Amme İdaresi Enstitüsü
_9131117
942 _2lcc
_cBK